000
00245nam a2200097Ia 4500
001
683717
005
20250826161444.0
008
250824s9999 xx 000 0 und d
245
0
_a
CENNETE GÖTÜREN NAMAZ
_c
AHMET BULUT
260
_b
TİMAŞ YAYINLARI
999
_c
683717
_d
683717